Ako vznikli platobné karty
História vzniku prvej platobnej karty. Dôvody vzniku platobných kariet. Splátkový predaj v obchodoch. Fidelity cards. Vernostné karty. Výhody a nevýhody vernostných platobných kariet.
Uložené v:
| Médium: | Kapitola |
|---|---|
| Jazyk: | Slovak |
| Predmet: | |
| Tagy: |
Žiadne tagy, Buďte prvý, kto otaguje tento záznam!
|
MARC
| LEADER | 00000naa$a2200000$$$4500 | ||
|---|---|---|---|
| 001 | 0040127 | ||
| 005 | 20231006121544.0 | ||
| 041 | 0 | |a slo | |
| 044 | |a SK | ||
| 245 | 1 | 0 | |a Ako vznikli platobné karty |
| 500 | |a Skrátené podľa knihy P. Juřík: Encyklopedie platebních karet, Grada Publishing 2003 | ||
| 520 | |a História vzniku prvej platobnej karty. Dôvody vzniku platobných kariet. Splátkový predaj v obchodoch. Fidelity cards. Vernostné karty. Výhody a nevýhody vernostných platobných kariet. | ||
| 610 | 2 | 0 | |a karty platobné |
| 610 | 2 | 0 | |a karty partnerské |
| 610 | 2 | 0 | |a karty klubové |
| 610 | 2 | 0 | |a história |
| 610 | 2 | 0 | |a USA |
| 610 | 2 | 0 | |a faktúry |
| 610 | 2 | 0 | |a šeky |
| 610 | 2 | 0 | |a platby bezhotovostné |
| 610 | 2 | 0 | |a platby šekom |
| 610 | 2 | 0 | |a banky |
| 610 | 2 | 0 | |a úver |